书目信息 |
| 题名: |
杨必译文集
|
|
| 作者: | 杨必 著 | |
| 分册: | ||
| 出版信息: | 南京 译林出版社 1994.12 |
|
| 页数: | 866页 | |
| 开本: | 32开 | |
| 丛书名: | ||
| 单 册: | ||
| 中图分类: | I217.2 | |
| 科图分类: | ||
| 主题词: | 文学--作品集--中国 | |
| 电子资源: | ||
| ISBN: | 7-80567-405-1 | |
| 000 | 00528nam0 2200193 45 | |
| 001 | 0009141002 | |
| 005 | 20000914110100.6 | |
| 010 | @a7-80567-405-1@d15.00元 | |
| 100 | @a20000914d1994 km y0chiy0120 ea | |
| 101 | 0 | @achi |
| 105 | @a z 000yy | |
| 200 | 1 | @a杨必译文集@AYang Bi Yi Wen Ji@f杨必著@FYang Bi Zhu |
| 210 | @a南京@c译林出版社@d1994.12 | |
| 215 | @a866页@d32开 | |
| 606 | 0 | @a文学@x作品集@x中国 |
| 690 | @aI217.2@v3 | |
| 701 | 0 | @a杨必@4著 |
| 801 | @aCN@bPftUser@c20000914 | |
| 905 | @b141256-258@dI217.2@eY.313:2@f3 | |
| 杨必译文集/杨必著.-南京:译林出版社,1994.12 |
| 866页;32开 |
| ISBN 7-80567-405-1:15.00元 |
| ● |
| 相关链接 |
|
|
|
正题名:杨必译文集
索取号:I217.2/Y.313:2
 
预约/预借
| 序号 | 登录号 | 条形码 | 馆藏地/架位号 | 状态 | 备注 |
| 1 | 141256 | 201412569 | 文学库108/108文学库 15排6列2层/ [索取号:I217.2/Y.313:2] | 在馆 | |
| 2 | 141257 | 201412578 | 文学库108/108文学库 15排6列2层/ [索取号:I217.2/Y.313:2] | 在馆 | |
| 3 | 141258 | 201412587 | 文学库108/108文学库 15排6列2层/ [索取号:I217.2/Y.313:2] | 在馆 |